| 000 | 01472nam0a2200337 4500 | ||
|---|---|---|---|
| 001 | RU\NLR\BIBL_A\011459022 | ||
| 005 | 20240921150845.0 | ||
| 010 |
_a9785000586105 _9108 |
||
| 021 |
_aRU _b2017-55921 _93978 |
||
| 035 | _a(RuMoRGB)008948823 | ||
| 035 | _a(NLR Aleph) 011459022 | ||
| 090 |
_a11792705 _c11792705 |
||
| 100 | _a20170821d2017 m y0rusy50 ca | ||
| 101 | 0 | _arus | |
| 102 | _aRU | ||
| 105 | _ay z 000ay | ||
| 200 | 1 |
_aУпоротая книга _e[сборник рассказов авторов ЛитКульта _eпроза _fсоставитель сборника: Эдуард Малыкин] |
|
| 210 |
_aМосква _cЭдитус _d2017 |
||
| 215 |
_a144, [1] с. _d21 |
||
| 327 | 1 | _aСодерж.: авт.: Анна Ансилевская, Сергей Павлов, Евгения Авсянникова, Анастасия Кадина, Екатерина Редькина, Татьяна Веткина, Дмитрий Бушковский, Михаил Ватолин, Степан Опскурос, Вадим Алексеев [и др.] | |
| 333 | _a16+ | ||
| 686 |
_aШ5(2=Р)64-644я43 _2rubbk |
||
| 686 | 2 | _aШ6(2=Р)8-440.5 | |
| 702 | 1 |
_aМалыкин _bЭ. _gЭдуард _4220 |
|
| 712 | 0 | 2 |
_4570 _a"Литкульт", литературный портал _9568110 _3RU\NLR\AUTH\880452104 |
| 942 | _cBOOK | ||
| 980 | _aNBR | ||